| 000 | 02034cam a2200433 i 4500 | ||
|---|---|---|---|
| 001 | 1897 | ||
| 003 | FISKH | ||
| 005 | 20231009095103.0 | ||
| 008 | 141009s2015 nyua j b 001 0beng | ||
| 010 | _a 2014030978 | ||
| 020 | _a9780531212059 | ||
| 020 | _a9780531212059 (pbk. : alk. paper) | ||
| 040 |
_aDLC _beng _cDLC _erda _dDLC |
||
| 042 | _apcc | ||
| 043 | _aa-pk--- | ||
| 050 | 0 | 0 |
_aLC2330 _b.D63 2015 |
| 082 | 0 | 0 |
_a371.822095491 _223 |
| 100 | 1 |
_aDoak, Robin S. _q(Robin Santos), _d1963- |
|
| 245 | 1 | 0 |
_aMalala Yousafzai / _cRobin S. Doak. |
| 264 | 1 |
_aNew York : _bScholastic, _c2015. |
|
| 300 |
_a48 pages : _bcolor illustrations, color map ; _c22 cm. |
||
| 336 |
_atext _btxt _2rdacontent |
||
| 337 |
_aunmediated _bn _2rdamedia |
||
| 338 |
_avolume _bnc _2rdacarrier |
||
| 490 | 0 | _aA true book | |
| 505 | 0 | _aS | |
| 520 | _a"At the age of 11, Malala Yousafzai began writing a blog in support of education for girls in Pakistan. As the blog gained popularity and Yousafzai became famous, she faced opposition from religious extremists who were against womens right to education. Readers will discover how Yousafzai stood her ground against terrorist activists, even after being shot for her beliefs. They will also learn how Yousafzai achieved international recognition and how she continues to support the rights of women in her home country."--Provided by publisher. | ||
| 521 | 8 |
_a790
_bLexile |
|
| 521 | 8 |
_aS
_bRaz-Plus |
|
| 600 | 1 | 0 |
_aYousafzai, Malala, _d1997- _vJuvenile literature. |
| 610 | 2 | 0 |
_aTaliban _vJuvenile literature. |
| 650 | 0 |
_aGirls _xEducation _zPakistan _vJuvenile literature. |
|
| 650 | 0 |
_aGirls _xViolence against _zPakistan _vJuvenile literature. |
|
| 650 | 0 |
_aWomen social reformers _zPakistan _vBiography _vJuvenile literature. |
|
| 651 | 0 |
_aPakistan _xSocial conditions _vJuvenile literature. |
|
| 906 |
_a7 _bcbc _corignew _d1 _eecip _f20 _gy-gencatlg |
||
| 942 |
_2ddc _cBK _n0 |
||
| 999 |
_c1897 _d1897 |
||